00950nam a2200253Ia 450000500170000000800410001702000190005808200200007710000190009724500700011625000390018630000430022549000230026865000290029165000420032094200120036226400490037433600270042333700330045033800280048304000350051199900150054695201350056120220317001210.0160825s2008 mx a g 000 0 spa  a9789681668901204a523.8875 bH11h1 aHacyan, Shahen14aLos hoyos negros y la curvatura del espacio-tiempocShahen Hacyan a3a. edición b3a. reimpresión  a130 páginas bilustraciones c21 cm  aCiencia para todos142LEMBaFisica cuántica 142LEMB aAgujeros negros (Astronomía) 2ddccBK aMéxicobFondo de Cultura Económicac2008 atextobtxt2rdacontent asin mediaciónbn2rdamedia avolumenbnc2rdacarrier aCO-BoRNBPbspaerdacCO-BoRNBP c6215d6215 00102ddc40708GENaMEMAPIRIbMEMAPIRIcGENd2023-12-27l0o523.8875 H11hpMAP0000610r2023-12-27 14:09:36tEj.1w2023-12-27yBK